| 000 | 00562nam a22001697a 4500 | ||
|---|---|---|---|
| 005 | 20251108165546.0 | ||
| 008 | 250721s1985 xx 000 0 ara d | ||
| 082 | 1 | 4 | _aم/320.158/مرك |
| 245 | 1 | 0 | _aيوميات و وثائق الوحدة العربية 1979 / |
| 250 | _aط3 | ||
| 264 | 1 |
_aبيروت : _bمركز دراسات الوحدة العربية، _c1985. |
|
| 650 | 1 | 7 | _aالقومية |
| 650 | 1 | 7 | _aالوحدة العربية |
| 710 | 2 | _aمركز دراسات الوحدة العربية ( بيروت ) | |
| 942 |
_2ddc _cREF |
||
| 999 |
_c30746 _d30746 |
||